Miasta z co najmniej dwoma klubami w fazie grupowej Ligi Mistrzów - Statystyki

Ogólne statystyki
  • Ten quiz został rozwiązany 65 razy
  • Średni wynik to 14 z 18
Statystyki odpowiedzi
Miasto % Poprawnych
Madryt
98%
Londyn
95%
Manchester
91%
Mediolan
91%
Moskwa
88%
Lizbona
86%
Rzym
86%
Ateny
81%
Berlin
78%
Praga
78%
Wiedeń
76%
Glasgow
74%
Belgrad
71%
Stambuł
71%
Sewilla
64%
Porto
53%
Zurych
47%
Tel Awiw
24%
Nie znaleziono quizów pasujących do podanych kryteriów
Rozkład punktacji
Procent ludzi z każdym wynikiem
Percentyl według liczby udzielonych odpowiedzi
Twoja historia wyników
Nie rozwiązałeś tego quizu